Slováci v Paradise Papers: Imreczeho kamarát, Kmotrík aj Ján Man

Paradise papers je jeden z najväčších únikov dokumentov z takzvaných offshore krajín. Po odhalení Paradise Papers už nie je pre firmy také výhodné obchádzať daňový systém a ukrývať svoj majetok cez schránky v daňových rajoch. Kauzy obchádzania daní na Malte a na Cypre. Dôsledky Paradise Papers.

Salvato in:
Dettagli Bibliografici
Autore principale: Petková, Zuzana
Altri autori: Makarová, Xénia
Natura: Capitolo di libro
Lingua:slovacco
Soggetti:
Tags: Aggiungi Tag
Nessun Tag, puoi essere il primo ad aggiungerne!!

MARC

LEADER 00000naa a2200000 4500
001 0238035
005 20221104112746.6
041 0 |a slo 
044 |a SK 
245 1 0 |a Slováci v Paradise Papers: Imreczeho kamarát, Kmotrík aj Ján Man  |c Zuzana Petková, Xénia Makarová 
520 |a Paradise papers je jeden z najväčších únikov dokumentov z takzvaných offshore krajín. Po odhalení Paradise Papers už nie je pre firmy také výhodné obchádzať daňový systém a ukrývať svoj majetok cez schránky v daňových rajoch. Kauzy obchádzania daní na Malte a na Cypre. Dôsledky Paradise Papers. 
610 2 0 |a raje daňové 
610 2 0 |a únik daňový 
610 2 0 |a systémy daňové 
610 2 0 |a offshore 
610 2 0 |a Malta 
610 2 0 |a Cyprus 
100 1 |a Petková, Zuzana 
700 1 |a Makarová, Xénia